000 00567nam a2200193Ia 4500
005 20260114185635.0
008 008 260114s9999 xx 000 0 eng d
020 _a9781474296120
037 _aEBOOK
040 _aCRL
_beng
_cCRL
041 _aeng
_2eng
084 _qCRL
100 _aDrew D. Gray
_9872569
245 0 _aCrime, Policing and Punishment in England, 1660-1914
260 _bBloomsbury
_c2016
856 _uhttps://doi.org/10.5040/9781474296120?locatt=label:secondary_bloomsburyCollections
942 _cEBOOK
999 _c1471517
_d1471517